| 000 | 00646nam a22002171 4500 | ||
|---|---|---|---|
| 001 | 20558 | ||
| 003 | CZ PrNK | ||
| 005 | 20260126123526.0 | ||
| 008 | 011210s1958 xo ||| | slo | ||
| 040 |
_aABA001 _bcze _cABA001 _dABA001 |
||
| 041 | 1 |
_aslo _hger |
|
| 100 | 1 |
_aGlaser, Hugo, _d1881-1976 _4aut |
|
| 245 | 1 | 0 |
_aOd Hippokrata po Pavlova / _cHugo Glaser ; Z nem. orig. Die Entdecker des Menschen prel. František Považský |
| 250 | _a1. vyd. | ||
| 260 |
_aMartin : _bOsveta, _c1958 |
||
| 300 |
_a197 s. ; _c8° |
||
| 490 | 1 |
_aNáučná knižnica ; _v[Zv.] 11 |
|
| 830 | 0 | _aNáučná knižnica | |
| 910 | _aABA001 | ||
| 942 |
_2ddc _cKLDO _n0 |
||
| 999 |
_c20558 _d20558 |
||